| 000 | 00455cam a2200193ua 4500 | ||
|---|---|---|---|
| 001 | 8549 | ||
| 008 | 150205n ii |||gr||||Z||||||eng | ||
| 020 | _a9780521544887 | ||
| 040 | _cMAIN | ||
| 041 | _aeng | ||
| 082 | _a410 | ||
| 100 |
_aRedford, A., _eAuthor. |
||
| 245 | 1 |
_aLinguistics : _bIntroduction / _cBy A. Radford . |
|
| 250 | _a1st. | ||
| 260 |
_aNew Delhi: _bCambridge, _c2002. |
||
| 300 | _axx,438p. | ||
| 653 | _aLinguistics | ||
| 942 | _cBK | ||
| 999 |
_c7650 _d7650 |
||